Central Library OPAC University of Rajshahi

How the world changed / (Record no. 63039)

MARC details
000 -LEADER
fixed length control field 00932nam a2200301 a 4500
001 - CONTROL NUMBER
control field 63039
003 - CONTROL NUMBER IDENTIFIER
rucl marc code BD-RjUL
005 - DATE AND TIME OF LATEST TRANSACTION
control field 20211209081143.0
008 - FIXED-LENGTH DATA ELEMENTS--GENERAL INFORMATION
fixed length control field 170128s1969 enkabc j b 001 0 eng d
020 ## - INTERNATIONAL STANDARD BOOK NUMBER
International Standard Book Number 0423776703 (v.1)
International Standard Book Number 423793608 (V.2)
035 ## - SYSTEM CONTROL NUMBER
System control number (BD-RjUL)63167
040 ## - CATALOGING SOURCE
Original cataloging agency DLC
Transcribing agency DLC
Modifying agency UKM
-- BD-RjUL
Language of cataloging eng
041 ## - LANGUAGE CODE
Language code of text/sound track or separate title eng
082 ## - DEWEY DECIMAL CLASSIFICATION NUMBER
Classification number 909.82
Author mark and year HOW 1969
245 10 - TITLE STATEMENT
Title How the world changed /
Statement of responsibility, etc. John Eppstein editor
260 ## - PUBLICATION, DISTRIBUTION, ETC. (IMPRINT)
Place of publication, distribution, etc. London :
Name of publisher, distributor, etc. Methuen Educational,
Date of publication, distribution, etc. 1969
300 ## - PHYSICAL DESCRIPTION
Pagination v. :
Illustrations ill. ;
Size 20 cm
490 1# - SERIES STATEMENT
Series statement Twentieth-century world
500 ## - GENERAL NOTE
General note Maps on lining papers
504 ## - BIBLIOGRAPHY, ETC. NOTE
Bibliography, etc Bibliography: v. 1, p. 89-[92]; v. 2. p. 93-96
505 0# - FORMATTED CONTENTS NOTE
Formatted contents note v. 1. 1900-1939 ; v. 2 1939-1968 --
650 #0 - SUBJECT ADDED ENTRY--TOPICAL TERM
Topical term or geographic name as entry element History, Modern
Chronological subdivision 20th century
General subdivision Juvenile literature
9 (RLIN) 187531
700 ## - ADDED ENTRY--PERSONAL NAME
Personal name Eppstein, John, editor
830 #0 - SERIES ADDED ENTRY--UNIFORM TITLE
Uniform title Twentieth-century world
942 ## - ADDED ENTRY ELEMENTS (KOHA)
Source of classification or shelving scheme Dewey Decimal Classification
Koha item type Books
Holdings
Lost status Source of classification or shelving scheme Damaged status Not for loan Collection code Permanent Location Current Location Shelving location Date acquired Source of acquisition Cost, normal purchase price Total Checkouts Full call number Date last seen Copy number Koha item type
  Dewey Decimal Classification   Not For Loan Non-fiction Central Library, University of Rajshahi Central Library, University of Rajshahi Reading Room 22/04/1974 Book centre 31.25   909.82 HOW V-1 1969 28/01/2017 C-1 Books
  Dewey Decimal Classification   Not For Loan Non-fiction Central Library, University of Rajshahi Central Library, University of Rajshahi Reading Room 22/04/1974 Book centre 31.25   909.82 HOW V-2 1969 04/02/2017 C-1 Books